MARC

LEADER 00000nam0a2200000 4500
001 269091
005 20231101234226.0
020 |a RU  |b 87-9591 
035 |a (RuTPU)RU\TPU\book\292263 
090 |a 269091 
100 |a 20140913d1986 k y0rusy5003 ca 
101 0 |a rus 
102 |a RU 
105 |a a z 001zy 
200 1 |a Высокотемпературная электрохимия. Электролиты. Кинетика  |e сборник научных трудов  |f Академия наук СССР (АН СССР), Уральский научный центр (УНЦ) ; под ред. А. Н. Барабошкина 
210 |a Свердловск  |c Изд-во УНЦ АН СССР  |d 1986 
215 |a 132 с.  |c ил. 
320 |a Библиогр. в конце ст. 
606 1 |a Электрохимия  |2 stltpush  |3 (RuTPU)RU\TPU\subj\21014  |9 46066 
610 1 |a высокотемпературные электролиты 
610 1 |a электропроводность 
610 1 |a сплавы 
610 1 |a коррозия 
610 1 |a анодные процессы 
610 1 |a тугоплавкие материалы 
675 |a 544.6  |z rus  |v 4 
702 1 |a Барабошкин  |b А. Н.  |g Алексей Николаевич  |4 340 
712 0 2 |a Академия наук СССР (АН СССР)  |b Уральский научный центр (УНЦ)  |2 stltpush  |3 (RuTPU)RU\TPU\col\3284 
801 0 |a RU  |b RuMRKP  |c 19950417  |g psbo 
801 1 |a RU  |b 63413507  |c 20140913 
801 2 |a RU  |b 63413507  |c 20170222  |g RCR 
942 |c BK